| 000 | 00719cam a2200193 4500 | ||
|---|---|---|---|
| 001 | ABS60812 | ||
| 008 | 000000n1999 000 0 eng u | ||
| 035 | _a(Sirsi) u101307 | ||
| 100 | _aExall, G. | ||
| 245 | _aCivil litigation brief: Woolf reforms (19) | ||
| 260 | _c1999 | ||
| 490 |
_aSolicitors' Journal _v143(21) May 1999, 516-517(2) |
||
| 520 | _aPart of a series looking at the Woolf reforms, this article discusses Part 32 of the Civil Procedure Rules dealing with evidence. Topics covered include witness statements, hearsay evidence, and the Civil Evidence Act 1985. | ||
| 650 | _aWOOLF REFORMS | ||
| 650 | _aCIVIL PROCEDURE RULES | ||
| 650 | _aCIVIL EVIDENCE ACT 1985 | ||
| 690 | _aLAW | ||
| 942 | _n0 | ||
| 999 |
_c60458 _d60458 |
||